Movies Quiz

Random Movies Quiz

Odd one Out: Movie Inspiration Quiz Stats

 Plays Quiz not verified by Sporcle

Challenge
Share
Tweet
Embed
Score 0/11 Timer 10:00
0 Plays Today
The Movies The Odd One Out % Correct
Cinderella, Snow White, Tangled, Peter Pan???
98.2%
10 Things I hate about you, Lion King, She's the man, Julie & Julia???
96.5%
Cast Away, Lost in Space, Man Friday, Blue Lagoon???
96.5%
O Brother Where Art Thou?, 300, My Fair Lady, Weird Science???
94.7%
Green Hornet, The Shadow, The Spirit, Lone Ranger???
93%
Mystic River, Stand by me, Maximum Overdrive, The Running Man???
93%
Candyman, Nightbreed, Jeepers Creepers, Hellraiser ???
91.2%
Nutty Professor, Edward Scissorhands, A Nightmare on Elm street, Pact With the Devil???
42.9%
The Magnificent Seven, Fistful of Dollars, Last House on the Left, Let the Right One In???
40.4%
The Devil's Advocate, Equalizer, Serenity, Mission Impossible???
0%
Edward Scissorhands, Me, Myself & Irene, A.I, Black Swan???
0%

You're not logged in!

Compare scores with friends on all Sporcle quizzes.
Join for Free
OR
Log In

You Might Also Like...

Show Comments

Extras

Created May 8, 2016ReportNominate
Tags:inspiration, Odd One Out

Top Quizzes Today


Score Distribution

Your Account Isn't Verified!

In order to create a playlist on Sporcle, you need to verify the email address you used during registration. Go to your Sporcle Settings to finish the process.

Report this User

Report this user for behavior that violates our Community Guidelines.

Details: